000 00490nam a22001457a 4500
999 _c4979
_d4979
008 200918b ||||| |||| 00| 0 eng d
041 0 _aeng
082 0 0 _a954.08
_bI3911
110 _91726
_aMinistry of information and Broad Casting, India.
245 1 0 _aThe Collected Works of Mahatma Gandhi, Vol - XII /
_cby Ministry of information and Broad Casting
260 _aDelhi :
_bMinistry of information and Broad Casting,
_c1964.
300 _axxvi, 700 p.
650 0 _aBiography
942 _cBK